Top 12 Easiest Languages to Learn for English Speakers - Statistics

General Stats
  • This quiz has been taken 113 times
  • The average score is 10 of 12
Answer Stats
No. of native speakers Answer % Correct
80 mil French
98%
400 mil Spanish
98%
23 mil Dutch
95%
101 mil German
95%
10 mil Swedish
93%
61 mil Italian
89%
6 mil Danish
87%
220 mil Portuguese
86%
5 mil Norwegian
85%
26 mil Romanian
66%
7.2 mil Afrikaans
59%
23 mil Indonesian
20%
No matching quizzes found
Score Distribution
Percent of People with Each Score
Percentile by Number Answered
Your Score History
You have not taken this quiz